100 Eight Letter Cities - Around The World - Statistics

General Stats
  • This quiz has been taken 38 times
  • The average score is 60 of 100
Answer Stats
Hint Answer % Correct
Sudan's capital city is Khartoum
100%
"Sin City", "City of Lights", and "The Gambling Capital of the World" are the nicknames for Las Vegas
100%
On 6 and 9 August 1945, the United States detonated two atomic bombs over the Japanese cities of Hiroshima and ... , respectively, during World War II Nagasaki
100%
.... is a executive capital of South Africa Pretoria
100%
The capital city of Belgium is Brussels
97%
It's a legislative capital of South Africa Capetown
97%
Formerly named Léopoldville from 1881–1966, this city is now the capital city and the largest city in Democratic Republic of the Congo Kinshasa
97%
The eighth-most populous city in the United States and the second-most populous in the state of California is adjacent to the Mexico–United States border San Diego
97%
... is the capital city of Chile Santiago
97%
Uzbekistan's capital city is Tashkent
97%
The sixth-most populated in France is a world capital of wine Bordeaux
94%
Australia's capital city is Canberra
94%
The capital city of Finland is Helsinki
94%
Located in the Pacific Ocean, the capital and most populous city of the U.S. state of Hawaii is Honolulu
94%
The fifth-most populous city in Australia held its Formula One race in street circuit from 1985 to 1995 Adelaide
91%
In Spanish language, this city means Assumption Asuncion
91%
It is the most populous city of New Zealand and the fifth-largest city in Oceania Auckland
91%
The capital city of Brazil and the third most populous city in Brazil after Rio de Janeiro and Sao Paulo Brasilia
91%
The capital and largest city of the state of Queensland and also the third-most populous city in Australia Brisbane
91%
The fourth holiest city in Islam and the capital city in Syria Damascus
91%
The capital city of Djibouti is .... City Djibouti
91%
Fiorentina is a one of the serie A clubs that based on .... , Tuscany Florence
91%
This Turkish city is on two continents, about two-thirds of its population lives in Europe and the rest in Asia, and it is the largest city in the country Istanbul
91%
The capital city of Jamaica is Kingston
91%
The Formula One Brazilian Grand Prix was first held in 1972 at the Interlagos circuit, which is located in the largest city in the Americas Sao Paulo
91%
... is the capital city of the Canadian province of Alberta. It is situated on the North Saskatchewan River Edmonton
88%
Samuel Colt was an American inventor who invented revolver gun and born in this capital city of Connecticut state Hartford
88%
The city is famous worldwide for the running of the bulls during the San Fermín festival, which is held annually from 6 July to 14 July. Pamplona
88%
The 14th-most populous city in California state in Spanish language means 'Saint Anne' Santa Ana
88%
The capital city of Serbia is Belgrade
85%
Belize city is the largest city in Belize, whereas ... is the Belize's capital city Belmopan
85%
Ohio State University and Ohio Stadium are located at Columbus
85%
It is a major port city on the Atlantic Ocean and is located in the Western Area of the Sierra Leone Freetown
85%
Bogota is the capital city of Columbia and also the largest city in the country. After Bogota, the second largest city in Columbia is Medellin
85%
Chad's capital city is Ndjamena
85%
On 14 April 2019, Formula One held its 1000th race in ... , China Shanghai
85%
... is the capital city of Namibia Windhoek
85%
... is the capital city of Tajikistan Dushanbe
82%
The third most populous in the Pacific Northwest after Seattle and Vancouver and the 28th largest city in the United States Portland
82%
"RVA and "River City" are the nicknames for this capital city of Virginia state Richmond
82%
This spanish city is used to hold Formula One race from 2008 to 2012 in street circuit and served as European Grand Prix where Fernando Alonso won in 2012 for Ferrari Valencia
82%
Malta's Capital city is ... , which is the southernmost capital of Europe Valletta
82%
The capital and largest city of the Canadian province of Manitoba Winnipeg
82%
Circuit Gilles Villeneuve serves as Formula One Canadian grand prix from 1978 is located at Montreal
79%
"Music city" is the nickname for ..., Tennessee Nashville
76%
It is the fifth most populous city in France after Paris, Lyon, Marseille, and Lille Toulouse
76%
Hungaroring holds Formula One race event annually in Hungary, and it's located at Budapest
73%
The world's third-ranked global financial centre (behind New York City and London) and The city with the most skyscrapers in the world Hongkong
73%
The capital city of Malawi is named after the river Lilongwe
73%
Sir Seretse Khama International Airport is a main airport in botswana, located at Gaborone
70%
"Kota Pahlawan" literally means "city of heroes" which is given to the capital city of East Java province, Indonesia Surabaya
70%
This city serves as the capital of Tuvalu and it's an atoll Funafuti
67%
It's a second largest city in Myanmar and also the name of luxury resort and casino in Las Vegas, USA Mandalay
67%
Isuzu and Nissan have their HQ at Yokohama
67%
The Islamic militant group Ansar al-Sharia carried out a coordinated attack against two United States government facilities in Libya on September 11, 2012. This case is called 2012 .... Attack Benghazi
64%
BVB 09 is the Germany professional club in Germany that based in the 9th largest city in the country Dortmund
64%
... is the the capital city of the autonomous community of Aragon, Spain Zaragoza
64%
The third largest city in China is located at Shenzhen
58%
Afonso Pena International Airport is located in the 8th largest city in Brazil Curitiba
52%
This capital of the Chinese province of Zhejiang has three UNESCO World Heritage Sites, which are the West Lake Cultural Landscape, the Grand Canal, and the Archaeological Ruins of Liangzhu City Hangzhou
52%
The birthplace of Fenerbache player, Edin Džeko Sarajevo
52%
This polish city was founded as a village in the 16th century, and grew following the discovery of rich coal reserves in the area throughout the mid-18th century Katowice
48%
... is the capital city of Liaoning province, China Shenyang
45%
Located near the Baltic Sea and the German border, .... is a major seaport, the largest city of northwestern Poland, and seventh-largest city of Poland Szczecin
45%
This city was one of the medieval capitals of Russia with significant buildings surviving from the 12th century and it's located 200 kilometers east of Moscow and the first name of current Russian president Vladimir
45%
This city serves major seaport in the state of Guerrero on the Pacific Coast of Mexico, and 380 kilometres south of Mexico City Acapulco
42%
Arena Fonte Nova stadium is located at .... , Brazil serves as one of the venues for 2014 FIFA World Cup Salvador
42%
Huanghua International Airport was the 34th busiest airport in the world in 2020, making its debut in the world's top 50 busiest airports for the first time, and located at the capital city of Hunan province, China Changsha
39%
Abeid Amani Karume International Airport is located at ... , Tanzania Zanzibar
39%
Ciudad Blanca (Spanish for "White City") and León del Sur (Spanish for "South's Lion") are the nicknames for ... , Peru Arequipa
36%
The second largest city in Malawi is the centre of finance and commerce Blantyre
36%
Harare is the largest city in Zimbabwe, followed by Bulawayo
36%
After Taipei, the second largest city in Taiwan is Taichung
36%
The third-largest city in Vietnam and is the principal port city of the Red River Delta Hai Phong
33%
The capital and largest city of the Pakistani province of Khyber Pakhtunkhwa. It is the sixth most populous city of Pakistan Peshawar
33%
Since 2014, this Germany's 21st-largest city has been a member of the UNESCO Creative Cities Network and holds the title of "UNESCO City of Music" Mannheim
30%
The third largest city in Kazakhstan literally means "the city in the grass/turf" Shymkent
30%
Known as "Ujung Pandang", this fifth largest city in Indonesia is capital city of South Sulawesi province Makassar
27%
You can find Lawang Sewu at this capital city of Central Java province, Indonesia Semarang
27%
The 14th largest city in Brazil means "grass fields" in Portuguese language Campinas
24%
.... is the capital and largest city of the Indonesian province of Papua Jayapura
21%
.... is the capital city of Miyazaki Prefecture on the island of Kyushu in Japan Miyazaki
21%
The second largest city in Uzbekistan is located in the northern edge of the Fergana Valley, less than 30 km from the Kyrgyzstan border Namangan
21%
After Quezon, Manila, and Davao, ... is the fourth largest city in Philipines Caloocan
18%
Doosan Enerbility Co., Ltd., a Korean heavy industrial company has its Headquarters in Changwon
18%
It is the second most populated city in Kanagawa Prefecture after Yokohama, and a location of main Headquarters of Fujitsu Limited Kawasaki
15%
This is the birthplace of the famous manga artist, Eiichiro Oda who create One Piece Kumamoto
15%
Vatican's capital city is Port Vila
15%
The birthplace of main Actor in Mission Impossible franchise, Tom Cruise Syracuse
15%
Poyang Lake, the largest fresh water lake in China, it is also called "the Migrator Birds Paradise" located at this capital city of the capital of Jiangxi, China Nanchang
12%
Fatmawati, the first lady of Indonesia from 1945 until 1967 and made the first flag flown by Indonesia was born in the city formerly known as Benkoelen Bengkulu
9%
The capital and largest city of Al-Qassim Province in north-central Saudi Arabia is renowned as agricultural capital of Saudi Arabia Buraydah
6%
Located in Cameroon, this city forms a transborder agglomeration with the city of N'Djamena, capital of Chad Kousseri
6%
The birthplace of the creator of Chibi Maruko-chan and manga creator of Crayon Shin-chan, Miki Miura and Yoshito Usui, respectively Shizuoka
6%
You can find Borobudur Temple at Magelang
3%
The birthplace of B.J. Habibie , the third president of Indonesia Parepare
3%
The birthplace of one of the Twice (Korean girl group) member, Kim Da-hyun a.k.a. Dahyun Seongnam
3%
Located in the southern foothills of Mount Gede, in West Java province, this city is about 100 km south of Jakarta Sukabumi
3%
In 2014 this city was affected by the 2014 West Africa Ebola outbreak and The Ebola virus epidemic in Liberia was declared to be over on 3 September 2015. Liberia
0%
This city in Thailand lies 968 km south of Bangkok and means 'the city of lions' Songkhla
0%
No matching quizzes found
Score Distribution
Percent of People with Each Score
Percentile by Number Answered
Your Score History
You have not taken this quiz